[Event "5th Capo d'Orso Open 2013"]
[Site "Porto Mannu ITA"]
[Date "2013.06.04"]
[Round "4.5"]
[White "Lanzani,M"]
[Black "Hoenick,A"]
[Result "1/2-1/2"]
[WhiteElo "2303"]
[BlackElo "2152"]

1.e4 e6 2.d4 d5 3.Nd2 Be7 4.c3 c5 5.dxc5 Bxc5 6.Nb3 Bb6 7.exd5 exd5 8.Nf3 Nf6
9.Bb5+ Bd7 10.Qe2+ Ne4 11.Bxd7+ Nxd7 12.Be3 O-O 13.Bxb6 Qxb6 14.O-O Rfe8
15.Qd3 Ndf6 16.Nfd4 a6 17.Rfe1 Ng4 18.f3 Ne5 19.Qc2 Nf6 20.Re2 Nc6 21.Rae1 g6
22.Rxe8+ Rxe8 23.Rxe8+ Nxe8 24.Qf2 Nd6 25.Nxc6 Qxc6 26.Nd4 Qa4 27.b3 Qa5
28.Qd2 Nb5 29.Nxb5 Qxb5 30.g4 Qc5+ 31.Kg2 b5 32.b4 Qc4 33.h4 h6 34.Kg3 Qc7+
35.Kh3 Qc4 36.Kg3 Qc7+ 37.Kh3  1/2-1/2

[Event "FSGM June 2013"]
[Site "Budapest HUN"]
[Date "2013.06.05"]
[Round "5.1"]
[White "Andreev,Ed UKR"]
[Black "Hujbert,F"]
[Result "1/2-1/2"]
[WhiteElo "2498"]
[BlackElo "2456"]

1.e4 e6 2.d4 d5 3.Nd2 Be7 4.Ngf3 Nf6 5.e5 Nfd7 6.Bd3 c5 7.c3 b6 8.O-O Ba6
9.Bxa6 Nxa6 10.Re1 Nc7 11.Nf1 c4 12.Ng3 b5 13.b3 Nb6 14.Nh5 g6 15.Nf6+ Bxf6
16.exf6 Qxf6 17.Bg5 Qg7 18.Bf4 Rc8 19.Qc1 f6 20.Qa3 Qd7 21.Qxa7 Nca8 22.Qa3 Kf7
23.Re3 Rc6 24.Rae1 Nc7 25.b4 Nc8 26.Qc1 Nd6 27.Be5 Rf8 28.Bxd6 Rxd6  1/2-1/2

[Event "French Top 12 2013"]
[Site "Haguenau FRA"]
[Date "2013.06.05"]
[Round "7.1"]
[White "Bedouin,X"]
[Black "Bauer,Ch"]
[Result "1/2-1/2"]
[WhiteElo "2387"]
[BlackElo "2638"]

1.e4 e6 2.d4 d5 3.Nd2 Be7 4.Bd3 c5 5.dxc5 Nf6 6.Qe2 O-O 7.Ngf3 a5 8.O-O Na6
9.e5 Nd7 10.c3 Naxc5 11.Bc2 b5 12.Re1 b4 13.cxb4 axb4 14.Nd4 Qc7 15.N2f3 Ba6
16.Qe3 Rfc8 17.Bd2 Ne4 18.Rac1 Qb6 19.Bxe4 dxe4 20.Qxe4 Nc5 21.Qe3 Qb7 22.b3 Nd3
23.Rxc8+ Rxc8 24.Rd1 Bc5 25.Be1 Qb6 26.Rxd3 Bxd3 27.Qxd3 Rd8 28.Ng5 Rxd4
29.Qxh7+ Kf8 30.Qh8+ Ke7 31.Qxg7 Rf4 32.Nf3 Re4 33.Qg5+ Ke8 34.Qg8+ Bf8 35.Bd2 Re2
36.Be3 Rxe3 37.fxe3 Qxe3+ 38.Kf1 Qc1+ 39.Ke2 Qb2+ 40.Kd3 Qxa2 41.Nd2 Qb2
42.Qh8 Qc3+ 43.Ke2 Qc6 44.Qg8 Qd5 45.Nc4 Qe4+ 46.Kd2 Qd4+ 47.Ke2 Qe4+  1/2-1/2

[Event "2nd Server24 Open"]
[Site "Ortisei ITA"]
[Date "2013.06.05"]
[Round "5.7"]
[White "Codenotti,M"]
[Black "Curien,N"]
[Result "1-0"]
[WhiteElo "2390"]
[BlackElo "2204"]

1.e4 e6 2.d4 d5 3.Nd2 Be7 4.Bd3 c5 5.dxc5 Nd7 6.exd5 exd5 7.Nb3 Nxc5 8.Nf3 Nf6
9.Nxc5 Bxc5 10.Qe2+ Qe7 11.Qxe7+ Bxe7 12.h3 O-O 13.Be3 Ne4 14.O-O-O Be6 15.c3 Rfc8
16.Nd4 Nc5 17.Bc2 a5 18.Rhe1 Ra6 19.f4 Bd7 20.Nb3 Na4 21.Rxd5 Be6 22.Rxa5 Bxb3
23.Rxa6 Bxc2 24.Ra7 Bh4 25.Rg1 Nxc3 26.bxc3 Be4 27.Kb2 Bg3 28.Ra4 f5 29.Rd4 h6
30.Rd7 Bc6 31.Re7 Bh4 32.Re5 Bf6 33.Rxf5 Re8 34.Bd4 Re2+ 35.Kc1 Rxa2 36.Re1 Bh4
37.Rg1 Bf6 38.Kb1 Re2 39.Ra5 Be7 40.Ra2 Re4 41.g3 Bf8 42.Kc1 Re8 43.Kd2 Bd5
44.Ra5 Bc4 45.Re1 Rd8 46.Rea1 Re8 47.Re5 Rd8 48.h4 Bd6 49.Rea5 Kh7 50.Ra8 Rd7
51.R8a4 Bb5 52.Ra5 Bc4 53.Rb1 Bd5 54.Rxd5  1-0

[Event "35th Nezhmetdinov Cup"]
[Site "Kazan RUS"]
[Date "2013.06.06"]
[Round "7.11"]
[White "Yandemirov,V"]
[Black "Goganov,A"]
[Result "1/2-1/2"]
[WhiteElo "2422"]
[BlackElo "2552"]

1.e4 e6 2.d4 d5 3.Nd2 Be7 4.Ngf3 Nf6 5.Bd3 c5 6.dxc5 dxe4 7.Nxe4 Nxe4 8.Bxe4 Qxd1+
9.Kxd1 Bxc5 10.Ke2 Nd7 11.Be3 Bxe3 12.Kxe3 Nc5 13.Rhd1 Nxe4 14.Kxe4 Ke7 15.Rd4 Bd7
16.Ne5 Be8 17.Rb4 Rb8 18.Ke3 f6 19.Nd3 e5 20.f4 exf4+ 21.Rxf4 Bg6 22.Re1 Rhd8
23.Rd4 Kf7 24.Rd1 Rxd4 25.Kxd4 Rd8+ 26.Ke3 Re8+ 27.Kf2 Be4 28.Rd2 g5 29.Nc5 Bc6
30.Nb3 f5 31.Rd6 Re6 32.Rd8 Re8 33.Rd6 Re6 34.Rd8 Rh6 35.h3 g4 36.hxg4 Rh2
37.gxf5 Rxg2+ 38.Ke3 Rxc2 39.Nd4 Rxb2 40.Nxc6 bxc6 41.Rd7+ Kf6 42.Rxh7 Rxa2
43.Rh6+ Kxf5  1/2-1/2

[Event "Grand Europe Open Albena"]
[Site "Albena BUL"]
[Date "2013.06.07"]
[Round "7.11"]
[White "Solak,D"]
[Black "Galinsky,T"]
[Result "1-0"]
[WhiteElo "2598"]
[BlackElo "2439"]

1.e4 e6 2.d4 d5 3.Nd2 Nc6 4.Ngf3 Nf6 5.e5 Nd7 6.c4 dxc4 7.Nxc4 Bb4+ 8.Bd2 Nb6
9.Rc1 Qe7 10.a3 Bxd2+ 11.Ncxd2 f5 12.exf6 gxf6 13.Bd3 Bd7 14.O-O O-O-O 15.Re1 Rhg8
16.Nb3 e5 17.Be4 Qg7 18.g3 exd4 19.Qd3 Ne5 20.Nxe5 fxe5 21.Bxb7+ Kxb7 22.Na5+ Ka8
23.Rxc7 Bf5 24.Qf3+ e4 25.Rxe4 Qxc7 26.Re7+ Rd5 27.Rxc7 Rc8 28.Nc4 Rd8 29.Nxb6+ axb6
30.Qb3 R8d7 31.Qa4+ Ra5 32.Qc6+  1-0

[Event "French Top 12 2013"]
[Site "Haguenau FRA"]
[Date "2013.06.07"]
[Round "9.7"]
[White "Roos,J"]
[Black "Bellahcene,B"]
[Result "0-1"]
[WhiteElo "2256"]
[BlackElo "2355"]

1.e4 e6 2.d4 d5 3.Nd2 Be7 4.Ngf3 Nf6 5.Bd3 c5 6.dxc5 a5 7.O-O O-O 8.Qe2 Na6
9.e5 Nd7 10.Nb3 Ndxc5 11.Be3 Nxd3 12.cxd3 a4 13.Nbd4 Bd7 14.Rfc1 Qa5 15.Bg5 Bxg5
16.Nxg5 h6 17.Ngf3 Rfc8 18.g4 a3 19.bxa3 Qxa3 20.Rxc8+ Rxc8 21.Rb1 Nc5 22.Ne1 Ra8
23.Ndc2 Qa5 24.d4 Ne4 25.Rxb7 Bc6 26.Rb2 Qc3 27.Rb3 Qc4 28.Qxc4 dxc4 29.Rb6 Bd5
30.a3 Nd2 31.h3 g5 32.Kh2 Nf1+ 33.Kg1 Nd2 34.Kh2 Kg7 35.h4 c3 36.Ng2 Be4
37.Nge3 Ra4 38.Rb4 Rxb4 39.Nxb4 Nf3+ 40.Kh3 Nxe5 41.dxe5 Bb1 42.hxg5 hxg5
43.a4  0-1

[Event "FIDE World Rapid 2013"]
[Site "Khanty-Mansiysk RUS"]
[Date "2013.06.07"]
[Round "10.23"]
[White "Smirin,I"]
[Black "Gordievsky,D"]
[Result "1/2-1/2"]
[WhiteElo "2663"]
[BlackElo "2474"]

1.e4 e6 2.d4 d5 3.Nd2 Be7 4.Ngf3 Nf6 5.e5 Nfd7 6.Bd3 c5 7.c3 Nc6 8.O-O g5
9.dxc5 g4 10.Nd4 Ncxe5 11.Bb5 Qc7 12.f4 Ng6 13.f5 e5 14.N4b3 a6 15.Bxd7+ Bxd7
16.fxg6 hxg6 17.Re1 Bxc5+ 18.Nxc5 Qxc5+ 19.Kh1 O-O-O 20.Nf1 Qd6 21.Kg1 f5
22.Qe2 Rde8 23.Qf2 f4 24.b4 g5 25.Qc5+ Qxc5+ 26.bxc5 Rh6 27.Rb1 Bb5 28.g3 Rhe6
29.Rb4 Kc7 30.Nd2 Bc6 31.Nb3 Rf6 32.Na5 e4 33.Nxc6 bxc6 34.Rb6 e3 35.Rxa6 Rfe6
36.Ra7+ Kb8 37.Rf7 f3 38.Kf1 Re4 39.a4 e2+ 40.Kg1 Rxa4 41.Bxg5 Ra2 42.Kf2 Ka8
43.Rf4 Re4 44.Rf7 d4 45.cxd4 Rxd4 46.Bf6 Rd1 47.Bc3 Rc2 48.Bb4 Rc4 49.Rf4 Rxf4
50.gxf4 Rd4 51.Bc3 Rxf4 52.Be5 Rc4 53.Bd6 Rc3 54.Rg1 Rd3 55.Re1 Rd1 56.Bg3 Rd5
57.h3 gxh3 58.Kxf3 Rxc5 59.Rxe2 Rh5 60.Kg4 Rh7 61.Bh4 Kb7 62.Kxh3 Kb6 63.Kg4 c5
64.Bf2 Rd7 65.Re5 Rc7 66.Kf3 Kb5 67.Ke2 Kb4 68.Kd2 Kc4 69.Re4+ Kd5 70.Rh4 Re7
71.Kd3 Re5 72.Be3 c4+ 73.Kd2 Re4 74.Rh8 Rg4 75.Rd8+ Ke4 76.Bb6 Rg6 77.Ba5 Ra6
78.Bb4 Rc6 79.Kc3 Ke5 80.Rd1 Ke4 81.Ba3 Ra6 82.Bc5 Ra4 83.Bb4 Ra6 84.Kxc4 Rc6+
85.Bc5 Re6 86.Bd6 Kf3 87.Kd5 Re2 88.Bc5 Rc2 89.Rf1+ Ke2 90.Rf8 Kd3 91.Bd4 Re2
92.Rf3+ Kc2 93.Kc4 Rg2 94.Ra3 Re2 95.Be3 Kd1 96.Kd4 Rc2 97.Ra1+ Ke2 98.Ke4 Rc4+
99.Bd4 Rc2 100.Rh1 Rd2 101.Bc3 Rc2 102.Kd4 Kf3 103.Kd3 Rg2 104.Bd4 Rg6 105.Rf1+ Kg4
106.Ke4 Re6+ 107.Be5 Rg6 108.Rh1 Rg5 109.Rh6 Rg8  1/2-1/2

[Event "FIDE World Blitz 2013"]
[Site "Khanty-Mansiysk RUS"]
[Date "2013.06.09"]
[Round "1.28"]
[White "Rublevsky,S"]
[Black "Ram,S"]
[Result "1-0"]
[WhiteElo "2695"]
[BlackElo "2248"]

1.e4 e6 2.d4 d5 3.Nd2 Be7 4.Ngf3 Nf6 5.Bd3 c5 6.e5 Nfd7 7.c3 Nc6 8.O-O a5
9.a4 Qb6 10.dxc5 Qc7 11.Nb3 Ndxe5 12.Bf4 Nxf3+ 13.Qxf3 e5 14.Bg3 Be6 15.Rfe1 f6
16.Nd4 Bf7 17.Nf5 O-O-O 18.Nxg7 Rhg8 19.Bf5+ Kb8 20.Ne6 Bxe6 21.Bxe6 Rg7
22.Bxd5 Bxc5 23.Rad1 Rgd7 24.Be4 Qb6 25.Rxd7 Rxd7 26.Qxf6 Qxb2 27.Bxc6 bxc6
28.Qxe5+ Bd6 29.Qe8+ Kc7 30.Bxd6+ Rxd6 31.Qe5 Qd2 32.Qxa5+ Kd7 33.Qa7+ Kd8
34.Qe7+ Kc8 35.Qe8+ Kc7 36.Re7+ Kb6 37.Qb8+ Kc5 38.Qb4+ Kd5 39.c4+  1-0

[Event "National Open 2013"]
[Site "Las Vegas USA"]
[Date "2013.06.09"]
[Round "5"]
[White "Sevillano,E"]
[Black "Holt,C"]
[Result "1-0"]
[WhiteElo "2467"]
[BlackElo "2531"]

1.e4 e6 2.d4 d5 3.Nd2 Be7 4.Bd3 c5 5.dxc5 Nf6 6.Qe2 O-O 7.Ngf3 a5 8.O-O Na6
9.e5 Nd7 10.c4 Ndxc5 11.Bb1 Nb4 12.Rd1 Qc7 13.a3 Nc6 14.Ba2 Rd8 15.Nb3 Nxb3
16.Bxb3 dxc4 17.Rxd8+ Nxd8 18.Bxc4 Bd7 19.Bf4 Rc8 20.Bd3 Nc6 21.Re1 Be8 22.Qe4 g6
23.Be3 Bf8 24.h4 Ne7 25.Bg5 Qb6 26.Qe2 Bc6 27.Nh2 Qd4 28.Ng4 Nf5 29.Nf6+ Kh8
30.Bxf5 exf5 31.e6 h6 32.e7 hxg5 33.hxg5 Bxe7 34.Qxe7 Kg7 35.Qe5 Rd8 36.Qxa5 f4
37.b4 f3 38.g4 Qc3 39.Qe5 Qxe5 40.Rxe5 b5 41.Kh2 Kf8 42.Kg3 Rd4 43.Rc5 Rd6
44.a4 bxa4 45.b5 Bxb5 46.Rxb5 Ra6 47.Re5 Ra8 48.Nd7+ Kg7 49.Nb6 Ra6 50.Nd5 Ra5
51.Kf4 Rc5 52.Ne3 Rxe5 53.Kxe5 a3 54.Nc2 a2 55.Kf4 Kf8 56.Kxf3 Ke7 57.Ke4 Kd6
58.Kd4 Ke6 59.f4 Kd6 60.f5 Kd7 61.Kd5 Ke7 62.Ke5  1-0

[Event "National Open 2013"]
[Site "Las Vegas USA"]
[Date "2013.06.09"]
[Round "6"]
[White "Naroditsky,D"]
[Black "Bradford,J"]
[Result "0-1"]
[WhiteElo "2494"]
[BlackElo "2370"]

1.e4 e6 2.d4 d5 3.Nd2 a6 4.Ngf3 Nf6 5.e5 Nfd7 6.Bd3 c5 7.c3 Nc6 8.O-O Be7
9.Re1 b5 10.Nf1 Bb7 11.a3 h5 12.Ng3 g5 13.Be3 c4 14.Bc2 g4 15.Nd2 Qc7 16.f4 O-O-O
17.f5 Rdg8 18.Ne2 Bg5 19.Bxg5 Rxg5 20.Rf1 Qb6 21.fxe6 fxe6 22.Kh1 h4 23.Nf4 h3
24.g3 Re8 25.Re1 Kb8 26.Nf1 Ncxe5 27.dxe5 d4+ 28.Be4 Rxe5 29.Bxb7 Qxb7+ 30.Kg1 Rxe1
31.Qxe1 e5 32.cxd4 Rf8 33.Qf2 exf4 34.gxf4 Nf6 35.Ng3 Re8 36.f5 Qd5 37.Ne2 Re3
38.Nc3 Qxd4 39.Rd1 Qe5 40.Ne2 g3 41.hxg3 Ng4 42.Qf4 h2+ 43.Kh1 Qxf4 44.Nxf4 Nf2+
45.Kxh2 Nxd1 46.f6 Re8 47.g4 Nxb2 48.g5 Nd3 49.f7 Rh8+ 50.Kg3 Nxf4 51.Kxf4 c3
52.Ke3 Rd8  0-1

[Event "FIDE World Blitz 2013"]
[Site "Khanty-Mansiysk RUS"]
[Date "2013.06.10"]
[Round "20.3"]
[White "Movsesian,S"]
[Black "Nepomniachtchi,I"]
[Result "0-1"]
[WhiteElo "2699"]
[BlackElo "2717"]

1.e4 e6 2.d4 d5 3.Nd2 Be7 4.Ngf3 Nf6 5.e5 Nfd7 6.Bd3 c5 7.c3 b6 8.O-O a5
9.Re1 Ba6 10.Bxa6 Nxa6 11.Nf1 b5 12.Ng3 h5 13.h3 Nb6 14.dxc5 Nxc5 15.Nd4 h4
16.Nh5 g6 17.Nf6+ Bxf6 18.exf6 Qxf6 19.Nxb5 O-O 20.Be3 Ncd7 21.Qg4 Ne5 22.Qd4 Nbc4
23.Bh6 Rfb8 24.Nc7 g5 25.b3 Qxh6 26.Nxa8 Rxa8 27.bxc4 Nxc4 28.Rab1 Qg7 29.Qd3 Rc8
30.Rec1 Qf6 31.a4 Kg7 32.Rb5 Ne5 33.Qd2 Rc4 34.Rxa5 g4 35.Qe3 Re4 36.Qc5 Nd3
37.Qc8 Qxf2+  0-1

[Event "FIDE World Blitz 2013"]
[Site "Khanty-Mansiysk RUS"]
[Date "2013.06.10"]
[Round "26.9"]
[White "Najer,E"]
[Black "Vallejo Pons,F"]
[Result "0-1"]
[WhiteElo "2633"]
[BlackElo "2706"]

1.e4 e6 2.d4 d5 3.Nd2 Be7 4.c3 c5 5.dxc5 Bxc5 6.Nb3 Bb6 7.exd5 exd5 8.Nf3 Nf6
9.Bb5+ Nc6 10.Qe2+ Ne4 11.Be3 O-O 12.O-O Bg4 13.h3 Bh5 14.Rad1 Re8 15.Rfe1 Ng3
16.Qd3 Bxf3 17.gxf3 Rxe3 18.fxe3 Qh4 19.Kh2 Bc7 20.f4 Ne4 21.Rg1 Nf2 22.Qf5 Ne7
23.Qd7 Rd8 24.Rxg7+ Kxg7 25.Rg1+ Kh8  0-1

[Event "FIDE World Blitz 2013"]
[Site "Khanty-Mansiysk RUS"]
[Date "2013.06.10"]
[Round "27.9"]
[White "Safarli,E"]
[Black "Ponkratov,P"]
[Result "1/2-1/2"]
[WhiteElo "2660"]
[BlackElo "2605"]

1.e4 e6 2.d4 d5 3.Nd2 Nc6 4.Ngf3 Nh6 5.c3 f5 6.exd5 exd5 7.Bb5 Nf7 8.O-O Be7
9.Re1 O-O 10.Nf1 Bd6 11.Bd3 Qf6 12.Qb3 Ne7 13.c4 c6 14.cxd5 Nxd5 15.Ne3 Nf4
16.Bc4 b5 17.Bxf7+ Rxf7 18.Nc2 Be6 19.Qc3 Bd5 20.Bxf4 Bxf4 21.Ne5 Re7 22.Nb4 Be4
23.f3 Bd5 24.Nxd5 cxd5 25.Qc6 Qxc6 26.Nxc6 Be3+ 27.Kf1 Re6 28.Nb4 Rae8 29.Rad1 Rd8
30.Nc2 f4 31.Nxe3 fxe3 32.Ke2 Rc8 33.Rc1 Rc4 34.Kd3 Ra4 35.a3 b4 36.Rxe3 Rxe3+
37.Kxe3 bxa3 38.bxa3 Rxa3+ 39.Kf4 Ra2 40.Rc8+ Kf7 41.Rc7+ Kf6 42.Rc6+ Kf7
43.Rc7+ Kf6 44.Rc6+  1/2-1/2

[Event "2nd Grand Europe Open 2013"]
[Site "Golden Sands BUL"]
[Date "2013.06.11"]
[Round "2.51"]
[White "Sanal,V"]
[Black "Nalbantoglu,H"]
[Result "1-0"]
[WhiteElo "2409"]
[BlackElo "1994"]

1.e4 e6 2.d4 d5 3.Nd2 Nc6 4.Ngf3 Nf6 5.e5 Nd7 6.Bb5 a5 7.O-O Na7 8.Bd3 c5
9.c4 cxd4 10.Nb3 dxc4 11.Bxc4 Qc7 12.Qe2 b5 13.Bd3 Be7 14.Bd2 b4 15.Nbxd4 Nc5
16.Nb5 Nxb5 17.Bxb5+ Bd7 18.Rac1 Qb7 19.Bxd7+ Nxd7 20.Bg5 Bxg5 21.Nxg5 h6
22.Ne4 O-O 23.Rfd1 Nb6 24.Nd6 Qe7 25.g3 Nd5 26.Rc6 a4 27.h4 a3 28.Rxd5 exd5
29.Nf5 Qd7 30.Qg4 g6 31.Nxh6+ Kh7 32.Qxd7 axb2 33.Nxf7 b1=Q+ 34.Kh2 Kg8 35.Rc7 Kg7
36.Ng5+  1-0

[Event "17th Petr Izmailov"]
[Site "Tomsk RUS"]
[Date "2013.06.13"]
[Round "3.31"]
[White "Ainutdinova,Y"]
[Black "Puraev,A"]
[Result "0-1"]
[WhiteElo "2066"]
[BlackElo "2226"]

1.e4 e6 2.d4 d5 3.Nd2 Be7 4.Ngf3 Nf6 5.Bd3 c5 6.exd5 Qxd5 7.dxc5 Nbd7 8.O-O Nxc5
9.Bc4 Qh5 10.Re1 Ncd7 11.Nf1 b5 12.Ng3 Qc5 13.Bb3 O-O 14.Qe2 Qb6 15.c3 Bb7
16.Nd4 Bc5 17.Be3 Nd5 18.Bxd5 Bxd5 19.b4 Bxd4 20.Bxd4 Qc6 21.Qg4 f6 22.a3 Rf7
23.Rad1 e5 24.Nf5 Kh8 25.Bc5 Nxc5 26.bxc5 Be6 27.Rd6 Qc8 28.Red1 Bxf5 29.Qf3 Rf8
30.Qd5 h6 31.c6 Rb8 32.h3 Qc7 33.g4 Bg6 34.Rd7 Qb6 35.Qd6 Rbc8 36.Qe7 Rg8
37.c7 Be8 38.R1d6 Qc5 39.Ra6 Qxc3 40.Rdd6 Qxc7 41.Qe6 Qc1+ 42.Kg2 Bg6  0-1

[Event "2nd Grand Europe Open 2013"]
[Site "Golden Sands BUL"]
[Date "2013.06.14"]
[Round "5.9"]
[White "Gavrilov,Al1"]
[Black "Grigoryan,Av"]
[Result "1/2-1/2"]
[WhiteElo "2454"]
[BlackElo "2605"]

1.e4 e6 2.d4 d5 3.Nd2 Nc6 4.Ngf3 Nf6 5.e5 Nd7 6.Bb5 a6 7.Ba4 b5 8.Bb3 Na5
9.c3 c5 10.Bc2 Nc6 11.Nf1 a5 12.Ng3 Ba6 13.O-O b4 14.Re1 Be7 15.Be3 h5 16.Ba4 Rc8
17.dxc5 bxc3 18.bxc3 h4 19.Bxc6 Rxc6 20.Nh5 Rh7 21.Qa4 Qc8 22.Qg4 g6 23.Nf6+ Nxf6
24.exf6 Bxf6 25.Bd4 Be7 26.Ne5 Rc7 27.Nxg6 fxg6 28.Qxg6+ Rf7 29.Rxe6 Bd3
30.Rxe7+ Rxe7 31.Qxd3 Qe6 32.h3 Qe2 33.Qg6 Qe4 34.Qc6+ Kf8 35.Qh6+ Ke8 36.Qc6+ Kf8
37.Qa8+ Re8 38.Qxa5 Rf5 39.Qb6 Re6 40.Qb8+ Kf7 41.Rb1 Rg5 42.Rb7+ Re7 43.Rxe7+ Qxe7
44.Qf4+ Kg6 45.Qd6+ Kf7 46.Qf4+ Kg6 47.Be3 Re5 48.c6 Re4 49.Qh6+ Kf5 50.Qh5+ Ke6
51.Qg6+ Qf6 52.Qe8+ Qe7 53.Qg6+ Qf6 54.Qxf6+ Kxf6 55.Bd4+ Ke6 56.Kf1 Kd6
57.f3 Re6 58.Kf2 Rg6 59.f4 Kxc6 60.f5 Rg5 61.f6 Rf5+ 62.Ke3 Kb5 63.Kd3 Rf1
64.Be5 Rf2 65.Ke3 Rf5 66.Kd4 Kc6 67.a4 Rg5 68.a5 Rxg2 69.Bf4 Re2 70.Bh6 Rf2
71.Ke5 Kd7 72.Bg5 Re2+ 73.Kxd5 Ra2 74.f7 Rf2 75.Bxh4 Rxf7 76.Bg3 Rf3 77.Be5 Rxh3
78.a6 Rxc3 79.Bxc3 Kc7 80.Ke4  1/2-1/2

[Event "2nd Grand Europe Open 2013"]
[Site "Golden Sands BUL"]
[Date "2013.06.14"]
[Round "5.2"]
[White "Solak,D"]
[Black "Nevednichy,V"]
[Result "0-1"]
[WhiteElo "2598"]
[BlackElo "2580"]

1.e4 e6 2.d4 d5 3.Nd2 Be7 4.exd5 exd5 5.Bd3 Nf6 6.Ngf3 O-O 7.O-O Bg4 8.Re1 c5
9.dxc5 Bxc5 10.Nb3 Bd6 11.Bg5 Nc6 12.c3 Bc7 13.Bh4 h6 14.Bc2 Ne5 15.Nbd4 Re8
16.Kh1 Nxf3 17.Rxe8+ Qxe8 18.Nxf3 Qe6 19.h3 Bxf3 20.Qxf3 Re8 21.Qd1 Ne4 22.Bxe4 dxe4
23.Qb3 Qc6 24.Re1 Re6 25.Bg3 e3 26.Qc2 Bxg3 27.fxg3 Qd5 28.Qc1 Qe5 29.g4 h5
30.gxh5 f5 31.Qd1 Qg3 32.Qe2 Qf2 33.Kh2 f4 34.Qxf2 exf2 35.Rf1 Re2 36.b4 Rxa2
37.g4 fxg3+ 38.Kxg3 Rc2 39.Rxf2 Rxc3+ 40.Kg2 Rb3 41.Rf4 Kh7 42.Rc4 Kh6 43.Rh4 a6
44.Rd4 Kxh5 45.h4 g6 46.Re4 b5 47.Rd4 Rc3 48.Rd6 Rc4 49.Rxa6 Rxh4 50.Rb6 Rxb4
51.Kf3 g5 52.Rd6 Rb3+ 53.Kg2 b4 54.Rd4 Kg6 55.Rc4 Kf5 56.Kf2 g4 57.Rc5+ Ke6
58.Rc4 g3+ 59.Kg2 Kd5 60.Rc8 Rc3  0-1

[Event "Kings Place Rapid 2013"]
[Site "London ENG"]
[Date "2013.06.15"]
[Round "3.4"]
[White "Sarakauskas,G"]
[Black "Rendle,T"]
[Result "1-0"]
[WhiteElo "2404"]
[BlackElo "2384"]

1.e4 e6 2.d4 d5 3.Nd2 a6 4.g3 c5 5.Bg2 dxe4 6.Nxe4 cxd4 7.Nf3 Nc6 8.O-O Be7
9.Qe2 Nf6 10.Rd1 Qb6 11.Ned2 O-O 12.Nc4 Qa7 13.Bf4 Nd5 14.Be5 Nxe5 15.Ncxe5 Qb6
16.Nc4 Qc5 17.Nxd4 Bf6 18.c3 Rd8 19.Nb3 Qc7 20.Ne3 Nxe3 21.Qxe3 Bd7 22.Qc5 Rac8
23.Qxc7 Rxc7 24.Rd6 Be7 25.Rd2 Ba4 26.Rxd8+ Bxd8 27.Rd1 Be7 28.Rd4 Bb5 29.Bf1 Bc6
30.Bg2 Bb5 31.Bf1 Be8 32.Bg2 Kf8 33.h4 g6 34.Kf1 b6 35.Ke1 a5 36.Nd2 f5 37.Rc4 Rxc4
38.Nxc4 Bc5 39.Ne5 Ke7 40.Bc6 Bxc6 41.Nxc6+ Kd6 42.Nd8 Kd5 43.Nf7 e5 44.Ke2 e4
45.f3 Be7 46.f4 Bf6 47.Kd2 Kc4 48.b3+ Kd5 49.Ng5 h6 50.Nf7 h5 51.Ng5 b5 52.Nf7 b4
53.c4+ Kd4 54.Ke2 a4 55.bxa4 Kxc4 56.Ne5+ Kc3 57.a5 Bd8 58.a6 Bb6 59.Nc6 Kc4
60.a7 Bxa7 61.Nxa7 Kc5 62.Ke3 Kb6 63.Nc8+ Kc5 64.Ne7 Kc4 65.Nxg6 Kc3 66.Ne7 Kb2
67.Nd5 Ka3 68.Kd4 Ka4 69.Kc4 Ka3 70.Kb5 e3 71.Nxe3 Kxa2 72.Kxb4  1-0

[Event "2nd Grand Europe Open 2013"]
[Site "Golden Sands BUL"]
[Date "2013.06.17"]
[Round "8.36"]
[White "Jasny,S"]
[Black "Drasko,M"]
[Result "1/2-1/2"]
[WhiteElo "2298"]
[BlackElo "2469"]

1.e4 e6 2.d4 d5 3.Nd2 Be7 4.Ngf3 Nf6 5.Bd3 c5 6.c3 cxd4 7.cxd4 dxe4 8.Nxe4 Nxe4
9.Bxe4 Nd7 10.O-O Nf6 11.Bc2 Bd7 12.Ne5 Rc8 13.Bg5 h6 14.Bxf6 Bxf6 15.Be4 Bxe5
16.dxe5 Qb6 17.Qd2 Bc6 18.Bxc6+ Rxc6 19.Rac1 O-O 20.Rxc6 Qxc6 21.Qd4 Qa6
22.a3 Rc8 23.h4 Rc4 24.Qd8+ Kh7 25.Qd3+ Kg8 26.Qd8+ Kh7 27.Qd3+  1/2-1/2

[Event "17th Petr Izmailov"]
[Site "Tomsk RUS"]
[Date "2013.06.17"]
[Round "7.7"]
[White "Yudin,S"]
[Black "Puraev,A"]
[Result "1-0"]
[WhiteElo "2552"]
[BlackElo "2226"]

1.e4 e6 2.d4 d5 3.Nd2 Be7 4.c3 c5 5.e5 Nc6 6.Bd3 Nh6 7.Ndf3 Nf5 8.dxc5 Bxc5
9.Ne2 Nh4 10.Nxh4 Qxh4 11.g3 Qh5 12.f4 Bd7 13.b4 Bb6 14.Ba3 Rc8 15.Qd2 g5
16.O-O-O a5 17.Kb1 d4 18.b5 Na7 19.Nxd4 Bxd4 20.cxd4 Bxb5 21.Qxa5 Bxd3+ 22.Rxd3 Qe2
23.Rhd1 Qc2+ 24.Ka1 Nc6 25.Qb5 Ra8 26.Rc1 Ra5 27.Qxb7  1-0

[Event "DYTM Raja Nazrin Shah Masters"]
[Site "Kuala Lumpur MAS"]
[Date "2013.06.18"]
[Round "6.4"]
[White "Luther,T"]
[Black "Goh Weiming"]
[Result "1-0"]
[WhiteElo "2552"]
[BlackElo "2441"]

1.e4 e6 2.d4 d5 3.Nd2 Nc6 4.Ngf3 Nf6 5.e5 Nd7 6.Nb3 f6 7.Bf4 Be7 8.exf6 Bxf6
9.Bb5 O-O 10.O-O Ne7 11.Re1 Ng6 12.Bg3 Re8 13.c3 c6 14.Bd3 Ndf8 15.Bc2 b6
16.Nc1 Ba6 17.Nd3 Bxd3 18.Qxd3 Nh4 19.Nxh4 Bxh4 20.Re2 Bxg3 21.Qxg3 Re7 22.Rae1 Rf7
23.Re5 c5 24.Qe3 Rc8 25.Bd3 Qd6 26.g3 Rf6 27.f4 Rc7 28.Bf1 cxd4 29.Qxd4 Qc5
30.Qxc5 Rxc5 31.Bh3 Kf7 32.f5 exf5 33.Bxf5 Ng6 34.Be6+ Ke7 35.R5e2 Kf8 36.b4 Rxc3
37.Bxd5 Rc8 38.Bb3 a5 39.bxa5 bxa5 40.h4 Nh8 41.Ba4 g6 42.Re8+ Rxe8 43.Rxe8+ Kg7
44.Ra8 Nf7 45.Rxa5 Rf3 46.Bb3 Nd6 47.Kg2 Rc3 48.g4 h6 49.Re5 Nc4 50.Re4 Nd2
51.Re7+ Kf6 52.Re6+ Kg7 53.Bd1 Nc4 54.Kf2 Rd3 55.Rxg6+ Kxg6 56.Bc2 Ne5 57.Ke2 Nxg4
58.Kxd3 Kf6 59.a4 Ke5 60.Bb3 Kd6 61.Ke4 Kc5 62.Kf5 Ne3+ 63.Kg6 Kb4 64.Kxh6 Kxb3
65.a5 Nd5 66.a6 Kb4 67.a7 Nc7 68.Kg6 Kb5 69.h5  1-0

[Event "8th Teplice Open 2013"]
[Site "Teplice CZE"]
[Date "2013.06.18"]
[Round "4.13"]
[White "Kislinsky,A"]
[Black "Stone,A ENG"]
[Result "1-0"]
[WhiteElo "2565"]
[BlackElo "2202"]

1.e4 e6 2.d4 d5 3.Nd2 Be7 4.Ngf3 Nf6 5.Bd3 c5 6.c3 Nc6 7.O-O cxd4 8.e5 Nd7
9.cxd4 Nb6 10.a3 a5 11.b3 Bd7 12.Bb2 Rc8 13.Qe2 O-O 14.Rad1 f5 15.exf6 Bxf6
16.Ne5 Nxe5 17.dxe5 Bg5 18.a4 Na8 19.Nf3 Bh6 20.Nd4 Nc7 21.g3 Ra8 22.h4 g6
23.h5 gxh5 24.Qxh5 Qg5 25.Qh3 Qg7 26.Kg2 Bf4 27.Ne2 Bg5 28.Bd4 Qh6 29.Qg4 Qg7
30.Qh3 Be8 31.f4 Be7 32.g4 Bg6 33.Ng3 Bxd3 34.Rxd3 Rac8 35.f5 Bg5 36.Nh5 Qf7
37.Be3 Bxe3 38.Nf6+ Kh8 39.Rh1 h6 40.Qxh6+ Bxh6 41.Rxh6+ Kg7 42.Rh7+  1-0

[Event "5th Lublin Union Mem GM"]
[Site "Lublin POL"]
[Date "2013.06.19"]
[Round "5.2"]
[White "Drozdowski,K"]
[Black "Stupak,K"]
[Result "0-1"]
[WhiteElo "2441"]
[BlackElo "2510"]

1.e4 e6 2.d4 d5 3.Nd2 Be7 4.e5 c5 5.Qg4 Bf8 6.dxc5 Nh6 7.Qh3 Nc6 8.Nb3 Nxe5
9.Qc3 Qf6 10.Nh3 Nc4 11.Qxf6 gxf6 12.Nf4 Ng4 13.Be2 Nge5 14.Nd3 Nc6 15.c3 e5
16.Nd2 a5 17.b3 Nxd2 18.Bxd2 Rg8 19.Be3 Bf5 20.O-O-O O-O-O 21.Rhg1 d4 22.cxd4 Nxd4
23.Bh5 Bg6 24.Bxg6 fxg6 25.Kb2 Be7 26.a3 Rd7 27.b4 axb4 28.axb4 Rgd8 29.Nc1 b6
30.cxb6 Bxb4 31.Nb3 Kb7 32.Rd3 Kxb6 33.Rgd1 Kb5 34.Nxd4+ Kc4 35.Nc6 Rxd3
36.Rc1+ Rc3 37.Nxd8 Ba3+ 38.Kb1 Bxc1 39.Bxc1 Kd3 40.Be3 Ke2 41.Ne6 Rc6 42.Nd8 Rd6
43.Nf7 Rd7 44.Nh6 f5 45.g3 Rc7 46.Ng8 Rc4 47.Nf6 f4 48.gxf4 exf4 49.Ba7 h5
50.Kb2 Kf3 51.Nd5 g5 52.Nc3 Rc7 53.Bd4 Rd7 54.Bc5 g4 55.Kc2 h4 56.Nb5 h3
57.Nd4+ Kxf2 58.Kd3 g3 59.Ke4 Rxd4+ 60.Bxd4+ Kg2 61.hxg3 fxg3  0-1

[Event "8th Teplice Open 2013"]
[Site "Teplice CZE"]
[Date "2013.06.19"]
[Round "5.43"]
[White "Ksana,V"]
[Black "Rasmussen,He2"]
[Result "1/2-1/2"]
[WhiteElo "2106"]
[BlackElo "1812"]

1.e4 e6 2.d4 d5 3.Nd2 Be7 4.Ngf3 dxe4 5.Nxe4 Nf6 6.Ng3 c5 7.Bd3 Nc6 8.dxc5 Bxc5
9.O-O O-O 10.c3 a6 11.Qe2 Qc7 12.Bg5 Be7 13.Rae1 Rd8 14.Bb1 g6 15.h4 Nd5
16.c4 Nb6 17.Bxe7 Qxe7 18.Qe4 Nd7 19.h5 Nf8 20.Qf4 f5 21.Re2 Qg7 22.h6 Qe7
23.Rfe1 Qd6 24.Qg5 Qe7 25.Qe3 Qf6 26.Qg5 Qxg5 27.Nxg5  1/2-1/2

[Event "17th Voronezh Master Open"]
[Site "Voronezh RUS"]
[Date "2013.06.19"]
[Round "7.2"]
[White "Korneev,O"]
[Black "Kuzubov,Y"]
[Result "1/2-1/2"]
[WhiteElo "2617"]
[BlackElo "2615"]

1.e4 e6 2.d4 d5 3.Nd2 Nc6 4.Ngf3 Nf6 5.e5 Nd7 6.Bb5 a6 7.Bxc6 bxc6 8.c4 dxc4
9.Nxc4 Nb6 10.b3 c5 11.Bg5 Qd7 12.Rc1 Bb7 13.O-O h6 14.Be3 Nxc4 15.Rxc4 Rd8
16.Qc2 Bd5 17.Rc3 Bxf3 18.gxf3 Qd5 19.dxc5 Qxe5 20.Rc4 Qd5 21.Rd4 Qxf3 22.Rxd8+ Kxd8
23.Qd3+ Qd5 24.Qxa6 Bxc5 25.Bxc5 Qxc5 26.Qa8+ Ke7 27.Qxh8 Qg5+ 28.Kh1 Qd5+
29.f3 Qd3 30.Kg2 Qg6+ 31.Kh3 Qh5+ 32.Kg3 Qg5+ 33.Kf2 Qc5+ 34.Kg3 Qg5+ 35.Kf2 Qc5+
36.Kg2 Qc2+ 37.Kg1 Qg6+ 38.Kh1 Qd3 39.Kg2 Qg6+ 40.Kf2 Qc2+ 41.Kg1 Qg6+ 42.Kh1 Qd3
43.Re1 Qxf3+ 44.Kg1 Qg4+ 45.Kf2 Qf4+ 46.Ke2 Qe4+ 47.Kd2 Qd4+ 48.Kc2 Qf2+
49.Kd1  1/2-1/2

[Event "8th Teplice Open 2013"]
[Site "Teplice CZE"]
[Date "2013.06.20"]
[Round "6.38"]
[White "Ta,V"]
[Black "Stone,A ENG"]
[Result "1/2-1/2"]
[WhiteElo "1968"]
[BlackElo "2202"]

1.e4 e6 2.d4 d5 3.Nd2 Be7 4.Bd3 Nf6 5.e5 Nfd7 6.Ne2 c5 7.c3 Nc6 8.f4 f5 9.O-O O-O
10.Nf3 Nb6 11.Kh1 Bd7 12.h3 cxd4 13.Nexd4 Nxd4 14.Nxd4 Qe8 15.Qe2 Rc8 16.Be3 Na4
17.Nb5 a6 18.Nd6 Bxd6 19.exd6 Nc5 20.Bd4 Bb5 21.Bxb5 axb5 22.Bxc5 Rxc5 23.Rae1 Rf6
24.g4 fxg4 25.f5 e5 26.Qxe5 Qxe5 27.Rxe5 Rxd6 28.Rfe1 gxh3 29.Re7 Rc4 30.Rg1 g6
31.Rxb7 Rf4 32.fxg6 hxg6 33.Kh2 Re6 34.Kxh3 Rf2 35.Rxb5 Kg7 36.Rxd5 Rxb2
37.a4  1/2-1/2